Cấu tạo ô tô /
Chương 1: Cấu tạo chung của ôtô
Kaydedildi:
| Yazar: | |
|---|---|
| Diğer Yazarlar: | , |
| Materyal Türü: | Kitap |
| Dil: | Vietnamese |
| Baskı/Yayın Bilgisi: |
H. :
Nhà xuất Bản Công Nhân Kỹ thuật ,
1986
|
| Edisyon: | In lần thứ 1 |
| Konular: | |
| Etiketler: |
Etiketle
Etiket eklenmemiş, İlk siz ekleyin!
|
| Thư viện lưu trữ: | Thư viện Trường CĐ Kỹ Thuật Cao Thắng |
|---|
| LEADER | 03265nam a2200577 a 4500 | ||
|---|---|---|---|
| 001 | TVCDKTCT1 | ||
| 003 | Thư viện trường Cao đẳng Kỹ thuật Cao Thắng | ||
| 005 | 20221006082639.000 | ||
| 008 | 050728 | ||
| 980 | \ | \ | |a Thư viện Trường CĐ Kỹ Thuật Cao Thắng |
| 024 | |a RG_1 #1 eb0 i1 | ||
| 020 | # | # | |a 0764526413 |
| 041 | 0 | # | |a vie |
| 082 | # | # | |a 629.202 84 / |b C125T-b |
| 100 | 1 | # | |a Boropxkic Iu |
| 245 | 0 | 0 | |a Cấu tạo ô tô / |c Boropxkic Iu, Xabinhin A., Trần Duy Đức. |
| 250 | # | # | |a In lần thứ 1 |
| 260 | # | # | |a H. : |b Nhà xuất Bản Công Nhân Kỹ thuật , |c 1986 |
| 300 | # | # | |a 194tr. ; |c 24cm |
| 520 | # | # | |a Chương 1: Cấu tạo chung của ôtô |
| 520 | # | # | |a Chương 10: Bình điện. |
| 520 | # | # | |a Chương 11 : Máy phát điện và bộ điều chỉnh điện |
| 520 | # | # | |a Chương 12 : Hệ thống đánh lửa |
| 520 | # | # | |a Chương 13 : hệ thống khởi động |
| 520 | # | # | |a Chương 14 : Dụng cụ đo kiểm |
| 520 | # | # | |a Chương 15 :Hệ thống chiếu sáng và báo hiệu |
| 520 | # | # | |a Chương 16 : Sơ đồ chung của thiết bị điện ôtô. |
| 520 | # | # | |a Chương 17 :Hệ thống truyền động của ôtô. |
| 520 | # | # | |a Chương 18 :Phần di động. |
| 520 | # | # | |a Chương 19 : Lốp ôtô |
| 520 | # | # | |a Chương 2 : Cấu tạo chung và sự làm việc của động cơ. |
| 520 | # | # | |a Chương 20 : Hệ thống lái |
| 520 | # | # | |a Chương 21 : Hệ thống phanh |
| 520 | # | # | |a Chương 22: Vỏ xe, buồng lái và thiết bị phụ của ôtô |
| 520 | # | # | |a Chương 23 : Ôtô tự trút hàng.Rơmooc |
| 520 | # | # | |a Chương 3: Cơ cấu khuỷu thanh truyền. |
| 520 | # | # | |a Chương 4: Cơ cấu phân phối khí. |
| 520 | # | # | |a Chương 5 : Hệ thống làm mát động cơ. |
| 520 | # | # | |a Chương 6 :Hệ thống bôi trơn động cơ. |
| 520 | # | # | |a Chương 7: Hệ thống cung cấp động cơ xăng. |
| 520 | # | # | |a Chương 8 : Hệ thống cung cấp động cơ điêden |
| 520 | # | # | |a Chương 9 : Thiết bị lỏng. |
| 520 | # | # | |a Sách mô tả một cách tóm tắt cấu tạo và sự làm việc của các cơ cấu và dụng cu áp dụng trên các ô tô hiện đại của Liên xô. cuốn sách của nhà xuất bản Mir Matxcơva năm 1983, được dịch sang tiếng Việt Năm 1986. cuốn sách gồm 23 chương. |
| 650 | # | 4 | |a Cấu tạo ô tô |
| 653 | # | # | |a Automobile Structures |
| 653 | # | 4 | |a Automobile Engineering Technology |
| 700 | 0 | # | |a Trần Duy Đức |
| 700 | 0 | # | |a Xabinhin A. |
| 721 | # | # | |a 04. CNKT Ô tô |
| 721 | # | # | |a 14. Bảo trì, sửa chữa ô tô (Công nghệ ô tô) |
| 841 | # | # | |b Kho Sách |j 100000326, 100000327, 100000328, 100000329, 100000330, 100000331, 100000332, 100000333, 100000334, 100000335, 100000336, 100000337, 100000338, 100000339, 100000340, 100000341, 100000342, 100000343, 100000346, 100000347, 100000348, 100000359, 100000389 |


